Rock garden : (Record no. 39810)

MARC details
000 -LEADER
fixed length control field 00781nam a22002177a 4500
005 - DATE AND TIME OF LATEST TRANSACTION
control field 20100806104449.0
010 ## - LCCN (DPL NO)
LC control number ENG-98709
020 ## - INTERNATIONAL STANDARD BOOK NUMBER
Terms of availability 795.00
International Standard Book Number 9788180481482
035 ## - SYSTEM CONTROL NUMBER
System control number EN-82241
037 ## - SOURCE OF ACQUISITION
Source of stock number/acquisition DBAD/PUB
082 ## - DEWEY DECIMAL CLASSIFICATION NUMBER
Classification number 954.12
100 ## - MAIN ENTRY--PERSONAL NAME
Personal name Mehta, V. P.
245 ## - TITLE STATEMENT
Title Rock garden :
Statement of responsibility, etc by V. P. Mehta [and] Nek Chand Saini
Remainder of title a vision of creativity memoirs of nek chand /
260 ## - PUBLICATION, DISTRIBUTION, ETC. (IMPRINT)
Place of publication, distribution, etc Chandigarh
Name of publisher, distributor, etc Arun Pub. House
Date of publication, distribution, etc 2010
270 ## - ADDRESS
Address SCO 49-51, Sector-17C,
City Chandigarh
Postal code 160017
300 ## - PHYSICAL DESCRIPTION
Extent 95 p. :
Dimensions 20 cm. (Pbk)
Other physical details ill.
500 ## - GENERAL NOTE
General note Includes index
700 ## - ADDED ENTRY--PERSONAL NAME
9 (RLIN) 7380
Personal name Saini, Nek Chand
942 ## - ADDED ENTRY ELEMENTS (KOHA)
Source of classification or shelving scheme Dewey Decimal Classification
Item type English Books
Classification part 954.12
Call number suffix MEH
Holdings
Withdrawn status Lost status Not for loan Collection code Home library Current library Date acquired Cost, normal purchase price Full call number Barcode Copy number Koha item type
    Not For Loan Non-fiction D.B.Act.Division D.B.Act.Division 06/08/2010 795.00 954.12 MEH EN-82241 1 English Books

© Delhi Public Library
Hit Counter
free hit counter